| 000 | 00539nam a22001817a 4500 | ||
|---|---|---|---|
| 005 | 20171125151022.0 | ||
| 010 | _aENG-121617 | ||
| 020 | _c300.00 | ||
| 035 | _aEN-105149 | ||
| 037 | _bDBAD/PUB | ||
| 082 | _a279.3 | ||
| 100 | _aPeeran, S.L. | ||
| 245 |
_aFundamentals of sufism / _cby S.L. Peeran |
||
| 260 |
_aBangalore _bInternational Sufi Centre (R) _c2015 |
||
| 270 |
_aPeerans Residence 868, 25th Main, Sector 1, HSR Layout, _bBangalore _e560102 |
||
| 300 |
_a330p. _c23cm(Hb) |
||
| 942 |
_2ddc _cEN _h279.3 _mPEE |
||
| 999 |
_c147771 _d147771 |
||